000 00575nam a2200229Ia 4500
003 OSt
005 20221005132353.0
006 a|||||r|||| 00| 0
007 ta
008 221004b |||||||| |||| 00| 0 mal d
024 _a57427
037 _cTextual
040 _aCRL
_cCRL
_bmal
041 _2mal
_amal
082 _aO32,3NPAx, J9
100 _aParappuratau
_9641015
245 0 _aThokkum thodikayum
260 _c1959
650 _aMALAYALAM FICTION
_9183428
942 _hO32,3NPAx, J9
_cTEXL
_2cc
999 _c1063403
_d1063403